| 000 | 00448nam a2200145 i 4500 | ||
|---|---|---|---|
| 001 | 24065 | ||
| 003 | ES-MaACL | ||
| 005 | 20230906152959.0 | ||
| 007 | t| | ||
| 008 | 021213s1904 sp ||||1| spa d | ||
| 100 | 1 |
_aAmor Calzas, Juan Julio. _921290 |
|
| 245 | 1 | 0 |
_aCuriosidades históricas de la Ciudad de Huete (Cuenca) / _cJuan Julio Amor Calzas. |
| 260 |
_aMadrid : _b[s.n., _c1904] ( _fPrimitivo Hernández, Imp.) |
||
| 852 |
_aES-MaACL _j1527-F-10 |
||
| 999 |
_c24065 _d24065 |
||